000 00563nam a22001817a 4500
999 _c13463
_d13463
003 AR-CdUCM
008 190415b ||||| |||| 00| 0 spa d
040 _aMUNICIPALIDAD PROVINCIAL DEL CUSCO
_cBIBLIOTECA MUNICIPAL DEL CUSCO
082 _a869.56 /
_bP44
100 _aPérez, Hidebrando
_931888
245 _aSol de Cuba /
260 _aLima :
_bEdiciones del Frente de Trabajadores de la Literatura ;
_c1979.
300 _a6 páginas ;
_c24cm
505 _aContenido: Poemas
650 _aLiteratura
_983
942 _2ddc
_cLIBROS
945 _anom
_d2019-04-15